[Event "Fermi-Rooks"]
[Site "?"]
[Date "2000.03.28"]
[Round "?"]
[White "Harris, R"]
[Black "Decman, S"]
[Result "1/2-1/2"]
[WhiteElo "1547"]
[BlackElo "1659"]
[PlyCount "37"]
[EventDate "2000.??.??"]

1. e4 g6 2. d4 Bg7 3. Nc3 d6 4. Be3 Nf6 5. Qd2 O-O 6. Be2 Nbd7 7. h4 c5 8. h5
cxd4 9. Bxd4 Ne5 10. hxg6 hxg6 11. f3 Be6 12. Be3 Nh5 13. Bh6 f6 14. Bxg7 Nxg7
15. O-O-O Qa5 16. a3 Kf7 17. Nh3 Rac8 18. Nd5 Qc5 19. c3 1/2-1/2

[Event "Exemplars-Kings"]
[Site "?"]
[Date "2000.03.30"]
[Round "?"]
[White "Benesa, A"]
[Black "Wallach, C"]
[Result "0-1"]
[WhiteElo "2281"]
[BlackElo "1953"]
[PlyCount "144"]
[EventDate "2000.??.??"]

1. Nf3 Nf6 2. g3 g6 3. Bg2 Bg7 4. O-O O-O 5. c4 d6 6. d4 Nc6 7. Nc3 e5 8. e4 {
We've actually reached a standard Fianchetto King's Indian position. White
holds the center and Black expands Queenside.} 8... a6 9. d5 Ne7 10. Bd2 10...
Ne8 { preparing -f5, of course} 11. Qc1 Bg4 12. Bh6 {A standard plan, but here
White's Bishop has the better future in supporting a queenside activity while
Black's just gets in the way.} 12... c6 13. Bxg7 Kxg7 14. dxc6 bxc6 15. h3 Be6
16. b3 16... h6 { Both sides' positions are solid, but Black is the one with
an active plan involving -f5.} 17. Rd1 Qc7 18. Ne1 f5 19. Nd3 Nf6 20. Qe3 fxe4
21. Nxe4 { } 21... Nf5 22. Qe1 Nd4 23. Nf4 Bf5 24. g4 { } 24... Bd7 (24... Bxe4
{seems to win a piece with} 25. Bxe4 ({Or if} 25. Rxd4 {threat: Ne6+ forking}
25... exf4 26. Bxe4 26... Rae8 {with -d5 coming} 27. Qb1 {White is OK}) 25...
Nxe4 26. Rxd4 $1 (26. Qxe4 Rxf4) 26... Rxf4 27. Rxe4 {Is materially even, but
Black is slightly better with his Pawn center and possession of f-file.}) 25.
g5 {
Black gets an extra piece, we will see why White thought the sac is worth it.}
(25. Ne2 25... Nxe4 {idea Nf3+} 26. Nxd4 26... Nxf2 { wins a Pawn} 27. Rd2 exd4
28. Rxf2 28... Rae8 { } (28... Rxf2 29. Qxf2 {and Qxd4+ next}) 29. Qd2 c5 30.
Bd5 {White has enough threats, but the extra Pawn is a killer in an endgame.} (
30. Raf1)) 25... Nxe4 26. gxh6+ 26... Kxh6 { } 27. Rxd4 27... Nf6 {
White has walked his own pieces into a fork!} (27... exd4 28. Qxe4 {
White wins d4-Pawn and Black's King may be attacked, but Black is OK now..})
28. Qd2 exf4 29. Rxd6 { } 29... Rae8 (29... g5 30. h4 {
and Black's King is naked.}) 30. Qxf4+ Kg7 31. Rad1 {
threat Rxd7+ winning Queen to Qxc7} 31... Qc8 32. Qg3 Re6 33. c5 Qe8 34. Qc3 { 
} 34... Kg8 35. Qc4 {threat: Bxc6 or Qxa6} 35... Rf7 36. Rxe6 Bxe6 37. Qxa6 {
White has evened the material balance, but Black's extra piece has room and
White's Pawns take many moves to become dangerous.} 37... Nd5 38. Re1 Qd7 39.
Qd3 Rf6 40. Qg3 40... Nf4 {
Creating two nasty threats: Nxh3 or Qd2 forking Rook and Pawn.} 41. h4 Qd2 42.
Qe3 Qxa2 43. Qd4 { } 43... Rf8 44. Qe3 44... Bxb3 { } 45. h5 Nxh5 46. Bxc6 Nf4
47. Bd7 Bd5 48. c6 48... Qc4 { } 49. Kh2 Bxc6 50. Bg4 Re8 51. Qd2 Rxe1 52. Qxe1
{ } 52... Nd3 53. Be6+ Kh7 54. Bxc4 54... Nxe1 { Seems like this should be a
draw. The Black has to win the f-Pawn or force White's Bishop off to make
progress.} 55. Kg3 55... Kh6 { } 56. f4 {This makes the Pawn easier to attack,
but maybe it assures White more defending space. Can White King just shield
Black King from advancing?} (56. Kh4 g5+ 57. Kg4 { } 57... Bd7+ (57... Be4 58.
Bb5 (58. f4 Bf3+ 59. Kg3 59... g4 {
Black wins by advancing King and using Knight to win Pawn or escort passer.})
58... Nd3 { } 59. f3 (59. Bxd3 Bxd3 60. f4 Be2+ 61. Kg3 g4) 59... Bg6) 58. Kg3
{ } 58... g4 (58... Kh5 59. Bf7+) 59. Be2 59... Kg5 { and I don't see how
Black makes progress. A Knight move allows f3 and Bishop+King need to protect
g4-Pawn.}) 56... Be4 57. Kf2 Ng2 58. Kg3 { } 58... Ne3 59. Be6 Kh5 60. Bc8
60... Bf5 { } 61. Ba6 Nc2 62. Be2+ Kh6 63. Bb5 Nd4 64. Bc4 64... Kh5 { } 65.
Ba6 Bg4 66. Kf2 Nf5 67. Bc4 Bd1 68. Bf7 { tying King to Pg6 defense} 68... Ba4
69. Kg2 $2 {this might be what blows the draw} (69. Kf3 Bc6+ 70. Kf2 { } 70...
Be4 71. Be8 Bd5 72. Ke2 Nd6 73. Bd7 { } 73... Kh4 74. Kf2 74... Ne4+ { } 75.
Kg1 {Kg2 or Kf3 allows Nc5+} 75... Nf6 {Black wins} (75... Kg3 $2 76. Be8))
69... Kg4 { } 70. Kh2 (70. Bxg6 Nh4+) 70... Nh4 71. Bxg6 Nxg6 72. f5 72... Kxf5
{Black was able to mate} 0-1

[Event "Kings-Exemplars"]
[Site "?"]
[Date "2000.03.30"]
[Round "?"]
[White "Piparia, J"]
[Black "Inumerable, F"]
[Result "0-1"]
[WhiteElo "1854"]
[BlackElo "2295"]
[PlyCount "55"]
[EventDate "2000.??.??"]

1. e4 g6 2. d4 Bg7 3. Nf3 c5 4. c3 cxd4 5. Nxd4 5... d6 { } 6. Qb3 Nf6 7. f3
O-O 8. Bc4 { } 8... e5 $1 {preparing Nc6 idea Na5} 9. Ne2 Nc6 10. Bd5 Na5 11.
Qb4 Nxd5 12. exd5 { } 12... Bf5 13. Nd2 Rc8 14. Ng3 { } 14... Bd3 15. Nge4 {
seems to win Pd6} 15... Nc4 16. Nxc4 16... Rxc4 { } 17. Qb3 { } (17. Qxd6 Bxe4
18. Qxd8 Rxd8 19. fxe4 { } 19... Rxe4+ {White loses}) 17... Rxe4+ $1 {
A common theme in Sicilians, sacrificing Rook for Knight and Pawn. Usually
against c3, though! But here it simply exposes King.} 18. fxe4 Qh4+ 19. Kd2 (
19. Kd1 19... Qg4+ {and mate next}) 19... Qxe4 { threat: Bh6+, then Qd2#} 20.
c4 {a necessary way out for King} (20. Re1 Bh6+ 21. Kd1 21... Qg4+ {mates next}
) 20... Qe2+ 21. Kc3 21... a5 { now threatening e4#} 22. Qd1 e4+ 23. Kb3 {
HOW WOULD YOU FINISH WHITE OFF??} 23... Bc2+ $3 {
Very nice, Black wins the Queen.} 24. Qxc2 24... a4+ { } 25. Ka3 Qxc2 26. Re1
Bd4 27. Kb4 Rc8 28. b3 { } 0-1

[Event "Exemplars-Kings"]
[Site "?"]
[Date "2000.03.30"]
[Round "?"]
[White "Gazmen, B"]
[Black "Goncharoff, N"]
[Result "1-0"]
[WhiteElo "2085"]
[BlackElo "1725"]
[PlyCount "61"]
[EventDate "2000.??.??"]

1. e4 c5 2. c3 Nc6 3. d4 cxd4 4. cxd4 d6 5. Be3 e6 6. Nc3 a6 7. Bd3 Be7 8. Nf3
h6 9. Rc1 Nf6 10. h3 O-O 11. Bb1 e5 12. O-O Kh7 13. Nd5 Ng8 14. Qb3 g6 15. Rfd1
Rb8 16. dxe5 Be6 17. exd6 Bxd6 18. Qd3 Ne5 19. Qe2 Nxf3+ 20. Qxf3 Bxd5 21. Rxd5
Qe7 22. Bd4 Rbd8 23. e5 Bc7 24. Bc5 Qe6 25. Bxf8 Qxd5 26. Qxd5 Rxd5 27. Rxc7
Rd1+ 28. Kh2 Rxb1 29. Rxf7+ Kh8 30. Bg7+ Kh7 31. Bf6# 1-0

[Event "Kings-Exemplars"]
[Site "?"]
[Date "2000.03.30"]
[Round "?"]
[White "Balicki, J"]
[Black "Friske, T"]
[Result "0-1"]
[WhiteElo "1593"]
[BlackElo "1988"]
[PlyCount "70"]
[EventDate "2000.??.??"]

1. d4 Nf6 2. Nf3 g6 3. e3 Bg7 4. Be2 d5 5. Ne5 Nbd7 6. f4 c5 7. Nc3 O-O 8. O-O
e6 9. Bf3 Rb8 10. e4 dxe4 11. Nxe4 Nxe4 12. Bxe4 cxd4 13. Nd3 Nf6 14. Bf3 Bd7
15. Bd2 Bc6 16. c3 Bb5 17. Nf2 Bxf1 18. Qxf1 Qb6 19. Rb1 Nd5 20. Bxd5 exd5 21.
Kh1 Qa5 22. Qd3 dxc3 23. Bxc3 Bxc3 24. Qxc3 Qxc3 25. bxc3 Rfc8 26. Rb3 d4 27.
Ne4 d3 28. Nd2 Re8 29. Kg1 Re2 30. Rb2 Rc8 31. c4 b5 32. Kf1 bxc4 33. Nxc4 Rxc4
34. Rxe2 dxe2+ 35. Kxe2 Rc2+ 0-1

[Event "Exemplars-Kings"]
[Site "?"]
[Date "2000.03.30"]
[Round "?"]
[White "Sollano, E"]
[Black "Gryparis, J"]
[Result "1-0"]
[WhiteElo "1905"]
[BlackElo "1433"]
[PlyCount "104"]
[EventDate "2000.??.??"]

1. Nf3 d5 2. d3 Nc6 3. g3 e6 4. Bg2 Nf6 5. O-O Be7 6. Nbd2 h6 7. d4 Bd7 8. c3
a6 9. Re1 O-O 10. e4 dxe4 11. Nxe4 Nxe4 12. Rxe4 f5 13. Re2 Rb8 14. Ne1 Rf6 15.
Nd3 Bd6 16. Qe1 Qe8 17. Bd2 Nd8 18. Rc1 Kh7 19. d5 c6 20. c4 Qf7 21. c5 Bf8 22.
d6 b6 23. b4 g5 24. Bc3 Bg7 25. Ne5 Qe8 26. Nxd7 Qxd7 27. Bxf6 Bxf6 28. Rb1 b5
29. Rb3 Kg7 30. Kh1 Kf7 31. f4 g4 32. Qd1 h5 33. Rbe3 h4 34. gxh4 Bxh4 35. Qa1
Bf6 36. Qe1 Rb7 37. a3 Ra7 38. h3 Kg6 39. hxg4 Qh7+ 40. Rh3 Qg7 41. g5 Be7 42.
Rxe6+ Nxe6 43. Qxe6+ Bf6 44. Rh6+ Qxh6+ 45. gxh6 Rh7 46. Bh3 Rxh6 47. Qxf5+ Kg7
48. Kg2 Rh8 49. Qd7+ Kh6 50. Qf7 Be5 51. Qe6+ Kg7 52. Qxe5+ Kg8 1-0

[Event "LeoBurn-Reader"]
[Site "?"]
[Date "2000.04.05"]
[Round "?"]
[White "Eaman, R"]
[Black "Lloyd, K"]
[Result "1-0"]
[WhiteElo "1732"]
[BlackElo "1806"]
[PlyCount "55"]
[EventDate "2000.??.??"]

1. e4 c5 2. Nf3 e6 3. Nc3 Nc6 4. d4 cxd4 5. Nxd4 Qb6 6. Nb3 a6 7. Be3 Qc7 8. a3
Nf6 9. f3 Bd6 10. Qd2 Bxh2 11. O-O-O b5 12. Nd4 Nxd4 13. Bxd4 Be5 14. Bxe5 Qxe5
15. f4 Qc7 16. e5 Ng4 17. Rh4 Nh6 18. g4 Bb7 19. Bg2 Bxg2 20. Qxg2 Rc8 21. Ne4
Kf8 22. Nd6 Rb8 23. Qe4 Qc6 24. Qb4 Kg8 25. f5 Rd8 26. Rxh6 gxh6 27. Qf4 Kg7
28. fxe6 1-0

[Event "LeoBurn-Reader"]
[Site "?"]
[Date "2000.04.05"]
[Round "?"]
[White "Sossi, M"]
[Black "Turner, K"]
[Result "1-0"]
[WhiteElo "1545"]
[BlackElo "1510"]
[PlyCount "78"]
[EventDate "2000.??.??"]

1. e4 d5 2. exd5 Qxd5 3. Nc3 Qa5 4. d4 c6 5. Bd2 Qc7 6. Nf3 Bg4 7. Bc4 Bxf3 8.
Qxf3 e6 9. Ne4 Nd7 10. Bf4 Qb6 11. O-O-O Be7 12. Nd6+ Bxd6 13. Bxd6 Nh6 14. g4
Qa5 15. h3 Nb6 16. Bb3 Rd8 17. Bc5 Na4 18. Ba3 Qg5+ 19. Qe3 Qxe3+ 20. fxe3 Nb6
21. e4 Ng8 22. g5 Ne7 23. c3 h6 24. h4 hxg5 25. hxg5 Kd7 26. Rhf1 f5 27. gxf6
gxf6 28. Rxf6 Ng8 29. Bxe6+ Kc7 30. Rf7+ Kb8 31. Rg1 Nh6 32. Bf5 Nc4 33. Rgg7
Nxf5 34. exf5 Rh1+ 35. Kc2 Rh2+ 36. Kb3 Nd2+ 37. Kb4 Ka8 38. Rxb7 a5+ 39. Ka4
Nc4 1-0

[Event "Reader-LeoBurn"]
[Site "?"]
[Date "2000.04.05"]
[Round "?"]
[White "Sullivan, C"]
[Black "Fulkerson, R"]
[Result "1-0"]
[WhiteElo "1533"]
[BlackElo "1400"]
[PlyCount "119"]
[EventDate "2000.??.??"]

1. e4 e5 2. Bc4 Nf6 3. Nc3 Nc6 4. d3 Bc5 5. Be3 Bxe3 6. fxe3 d6 7. h3 a6 8. a3
Na5 9. Ba2 O-O 10. Qf3 b5 11. Nge2 Bb7 12. O-O-O c5 13. g4 Qc7 14. g5 Ne8 15.
Ng3 c4 16. Nf5 g6 17. Nh6+ Kg7 18. Ng4 Rc8 19. d4 exd4 20. exd4 Nc6 21. Nf6
Nxf6 22. Qxf6+ Kg8 23. Nd5 Qd8 24. Qf4 Kg7 25. h4 Rh8 26. Rhf1 Qd7 27. Nb6 Qe7
28. Nxc8 Bxc8 29. a4 h5 30. e5 dxe5 31. dxe5 Nxe5 32. Rde1 Re8 33. Re3 Bf5 34.
Rfe1 f6 35. Qd4 Qe6 36. gxf6+ Kxf6 37. Rxe5 Qxe5 38. Rxe5 Rxe5 39. Qd6+ Re6 40.
Qf8+ Ke5 41. axb5 axb5 42. Qc5+ Kf4 43. Qf2+ Kg4 44. Kd2 Re4 45. Kc3 Be6 46. b3
Rf4 47. Qg2+ Kf5 48. Qg5+ Ke4 49. Qxg6+ Rf5 50. Qxe6+ Re5 51. Qc6+ Kf4 52. bxc4
bxc4 53. Bxc4 Re3+ 54. Bd3 Kg3 55. Qf6 Kh3 56. Kd2 Rg3 57. c4 Rg2+ 58. Kc3 Rg1
59. c5 Rc1+ 60. Bc2 1-0

[Event "Excaliburs-Northrop"]
[Site "?"]
[Date "2000.04.13"]
[Round "?"]
[White "Andresen, T"]
[Black "Walker, A"]
[Result "0-1"]
[WhiteElo "1793"]
[BlackElo "1748"]
[PlyCount "104"]
[EventDate "2000.??.??"]

1. e4 e6 2. c4 c5 3. Nc3 Nc6 4. g3 b6 5. Bg2 Bb7 6. d3 Bd6 7. Nge2 Nge7 8. O-O
8... a6 { } 9. f4 f6 10. Be3 10... Qc7 { White is at a crossroads. Blacks
pieces hint at a mass Pawn assault. The weak points in Black's position are c5/
b6 so White can attack them with Na4, b4 and even Qb3 or Qf2. If Black castles
Queenside, all the better.} 11. Qd2 (11. a3 O-O-O 12. Na4) 11... O-O-O 12. a3
12... h5 { } 13. Rfb1 (13. b4 cxb4 14. Na4 { starts trouble} 14... Bc5 15. Nxc5
bxc5 16. Bxc5 { Black can't move Knight from c6 until Knight at e7 protected})
13... Rdg8 14. Na2 {now both Ra1 and Na2 are out of play} (14. Na4) 14... g5 { 
} 15. fxg5 (15. b4 gxf4 16. Nxf4 h4 17. bxc5) 15... h4 { } 16. Bf4 (16. gxf6
Ng6 17. Nf4 {at least forces some trades}) 16... fxg5 17. Bxg5 17... hxg3 { }
18. h3 Ne5 19. b4 19... Rxh3 { } 20. Rf1 {
If White had played 13 Rab1, the Rf1 would already be in place!} (20. Bxh3 $4
20... Nf3+) 20... Rh5 21. bxc5 {opening another line against his own King} (21.
Be3 {is natural enough}) 21... Bxc5+ 22. d4 22... Rhxg5 { } 23. Qxg5 {
In normal conditions, this would be a nice find. Here it forces exchanges and
puts White down another Pawn.} 23... Rxg5 24. Rf8+ { The point of White's 23rd.
} 24... Qd8 25. Rxd8+ Kxd8 26. dxc5 26... bxc5 {
So the smoke clears, finding White's Pawns scattered} 27. Rb1 Kc7 28. Rb3 Nxc4
29. Nxg3 { } 29... Nd2 (29... d5 30. exd5 exd5) 30. Re3 Ng6 31. Kf2 { } 31...
Nf4 32. Bh1 d5 33. exd5 { } 33... Bxd5 (33... exd5 34. Re7+ Kb6 35. Ke3 (35.
Re6+ Ka7 36. Rf6 Nd3+ 37. Ke2 Rxg3 38. Kxd2 38... Nb2 { }) 35... Rxg3+ { } 36.
Kxf4 (36. Kxd2 36... Rh3 {then Rh2+ wins Na2}) 36... Rxa3 37. Nc1 37... Ra1 { }
) 34. Bxd5 (34. Nc3 34... Nc4 { } 35. Nxd5+ (35. Re1 Nh3+ 36. Kf1 Rxg3) 35...
exd5 36. Re7+ Kd6 37. Ra7) ({Keeping c3 free for Rook with} 34. Nc1 34... Nc4
35. Rc3) 34... exd5 35. Re7+ Kb6 36. Nc3 36... d4 { } 37. Nce4 Nxe4+ 38. Nxe4 {
} 38... Re5 $1 { } 39. Rxe5 Nd3+ 40. Ke2 Nxe5 41. Kd2 { } 41... Nc4+ 42. Kd3
Nxa3 43. Nd2 Kb5 44. Ne4 Kb4 45. Nd6 c4+ 46. Kxd4 { } 46... Nb5+ {
another forcing move} 47. Nxb5 axb5 48. Ke4 c3 49. Ke3 49... c2 {
this would be a draw if Pb5 didn't exist} 50. Kd2 Kb3 51. Kc1 b4 52. Kd2 Kb2
0-1

[Event "Northrop-Excaliburs"]
[Site "?"]
[Date "2000.04.13"]
[Round "?"]
[White "Vigants, A"]
[Black "Burian, D"]
[Result "0-1"]
[WhiteElo "1650"]
[BlackElo "1562"]
[PlyCount "60"]
[EventDate "2000.??.??"]

1. d4 d5 2. e3 Nf6 3. Bd3 b6 4. f4 c5 5. c3 Nc6 6. Nf3 c4 7. Bc2 7... Bg4 {
Black assures Bishop in play and temporarily stops Ne5} 8. Nbd2 e6 9. O-O Bd6
10. Qe1 O-O 11. Ne5 { } 11... Ne7 { } 12. Bxh7+ $1 {
Wide-awake play, White finds a way to force a second attack on g4-Bishop.}
12... Kxh7 13. Nxg4 $2 ({The only way to recover piece is} 13. Qh4+ 13... Kg8 (
13... Bh5 14. g4 14... Rh8 { } (14... g6 15. Qxf6 15... Bxe5 $1 16. fxe5 Bxg4)
15. g5 $2 (15. gxh5 15... Kg8 {
Black recovers Pawn and his Knights find nice squares} (15... Nf5 16. Qg5 Nxe3
17. Rf2)) 15... g6 16. gxf6 16... Nf5 {and Black wins either e3 or f6 Pawn.})
14. Nxg4 Nxg4 (14... Nf5 { } 15. Nxf6+ (15. Qh3 $2 15... Nxg4 16. Qxg4 Nxe3)
15... Qxf6) 15. Qxg4 Nf5 16. Rf3) 13... Nxg4 14. Rf3 (14. Nf3 {
looks to opening lines with e4}) (14. Qh4+ Nh6 15. g4 {looks promising, but}
15... Kg8 16. Rf3 { idea Rh3, then g5} (16. g5 16... Nhf5 {
and there's not enough room for Q and R on h-file.}) 16... Ng6 17. Qh5 Qh4)
14... Rh8 15. Rh3+ Kg8 16. Rxh8+ Kxh8 17. Qh4+ Nh6 18. g4 {
The Pawn is only a target and helps Black clean up} 18... Ng6 19. Qh5 Qh4 20.
Nf3 Qxg4+ 21. Qxg4 Nxg4 22. Bd2 { } 22... f6 23. Kg2 e5 24. Kg3 { } 24... Nxe3
$1 25. Bxe3 exf4+ (25... Nxf4 26. Bxf4 exf4+ 27. Kg4) 26. Kg4 fxe3 27. Kf5 { }
27... Nf4 28. Nh4 Kg8 29. Rf1 e2 30. Re1 Re8 0-1

[Event "Excaliburs-Northrop"]
[Site "?"]
[Date "2000.04.13"]
[Round "?"]
[White "Suerth, F"]
[Black "Gothier, S"]
[Result "1-0"]
[WhiteElo "1562"]
[BlackElo "1439"]
[PlyCount "53"]
[EventDate "2000.??.??"]

1. e4 c5 2. d4 cxd4 3. Nf3 d6 4. Nxd4 Nf6 5. Nc3 g6 6. Bg5 Bg7 7. Bc4 O-O 8.
Qd2 Nc6 9. O-O-O a6 10. Bh6 { } 10... Nxe4 {Black seems to win a Pawn, but} 11.
Nxe4 Nxd4 12. Bxg7 { this screws up everything} 12... Kxg7 13. Qxd4+ f6 14. h4
Bf5 15. h5 { } 15... Rc8 (15... b5 16. Bb3 a5 17. a3 17... Qb8 {
attempts to force lines open against White King with b4} 18. Qe3 a4 (18... b4
19. a4) 19. hxg6 $1 19... Bxg6 { } (19... hxg6 20. Qh6#) (19... axb3 20. Qh6+
Kg8 21. Qxh7#) 20. Qh6+ Kh8 21. Qxg6 {and mates}) (15... g5 {
doesn't help defend} 16. h6+ (16. Nxg5 16... e5 {is not as direct}) 16... Kg6 (
16... Kh8 17. Nxg5 17... e5 $1 {same as previous move}) 17. Ng3 {
forcing Black to open diagonal to King} (17. Nxg5 $2 {is now bad} 17... e5 (
17... fxg5 18. Qg7#) (17... Kxg5 18. Qh4+ Kg6 19. Qh5#) 18. Qxd6 Qxd6 19. Rxd6
19... Kxg5 {
Black's Pawns are better than other variations and h6-Pawn can be won}) 17...
Bd7 { } ({trying to defend Bishop with loses to} 17... Qd7 18. Nxf5 Qxf5 (18...
Kxf5 19. Qd3+ Kf4 (19... Ke5 20. Rde1+) 20. g3+ Kg4 21. Qe4#) 19. Bd3) {
If only White could get in Qh5#!} 18. Qd3+ (18. Bd3+ Kf7 19. Bxh7) 18... f5 19.
Qd4 {with mate threat at g7.} 19... Rf6 (19... e5 $2 20. Qxd6+ Rf6 21. Qxd7 {
Wins another piece and mate still at g7!} 21... Qf8) 20. Nh5 { }) 16. hxg6 Bxg6
17. Bb3 Qc7 18. Qe3 { } 18... h5 {Forcing open lines against his own King} ({
But White has mate threats! For example,} 18... Qc6 19. Qh6+ Kh8 20. Qxg6 {
mates}) (18... Rh8 19. Qh6#) (18... Bf5 19. g4 {
Forces Bishop to choose another line}) (18... Bf7 19. Qh6+ Kh8 20. Qxh7#) (
18... Bxe4 19. Qxe4 Rh8 (19... f5 20. Qh4 Rh8 21. Qh6#) 20. Be6 20... Rb8 { }
21. Qg4+ Kf8 22. Rxh7 $1) 19. g4 Qc6 20. f3 (20. Rxh5) (20. gxh5 $5 {
Returning the piece to expose the King} 20... Bxe4 ({
Trading down goes nowhere, of course} 20... Qxe4 $2 21. hxg6 Qxe3+ (21... Qxg6
$4 22. Rdg1) 22. fxe3 Kxg6 23. Be6 {threat: Rdg1#} 23... Rc5) 21. Qg3+ 21...
Kh8 { Kh7 allows Bxg8+ in some lines} 22. Rdg1 (22. Rhg1 {threatening mate, but
} 22... Qxc2+ 23. Bxc2 Rxc2+ 24. Kb1 24... Rc3+ {
forces an interesting ending to White's advantage}) 22... Rf7 $6 {
since Bb3 is tied to c2} (22... Qxc2+ $4 23. Bxc2 Rxc2+ 24. Kd1 {White wins}) (
22... Rg8 23. Qe3 ({Of course} 23. Bxg8 23... Qxc2#) (23. Qxg8+ Rxg8 24. Rxg8+
Kh7 25. Rhg1 {is better for Black}) 23... Bxc2 24. Qh6+ (24. Kd2 24... Bh7 {
White still has a forced win} 25. Rxg8+ Bxg8 (25... Rxg8 $2 26. Bxg8) 26. Qh6+
Bh7 27. Rg1) (24. Bxg8 $4 24... Be4+ 25. Kd1 Qc2+ 26. Ke1 Qb1+ 27. Kd2 Qxb2+
28. Ke1 Rc1+) 24... Bh7+ 25. Kd2 { White rules}) 23. Kd2 23... Bxh1 $4 (23...
Rh7 $4 24. Qg8+ Rxg8 25. Rxg8#) (23... Bxc2 24. Bxf7 {mating}) 24. Qg6 $1 24...
Be4 (24... Qe8 25. Bxf7) 25. Qxf7 {with mate at g7 or g8}) 20... Rh8 (20...
hxg4 21. Qh6#) 21. gxh5 Rxh5 22. Rxh5 Bxh5 23. Rh1 { } 23... Rh8 (23... Bf7 24.
Qh6+ Kg8 25. Qh8#) 24. Qg1+ 24... Kf8 { } 25. Rxh5 $1 {
The h8-Rook is overloaded} 25... Qxc2+ 26. Kxc2 Rxh5 27. Qg8# 1-0

[Event "Northrop-Excaliburs"]
[Site "?"]
[Date "2000.04.13"]
[Round "?"]
[White "Elek, G"]
[Black "Brotsos, J"]
[Result "0-1"]
[WhiteElo "1082"]
[BlackElo "1543"]
[PlyCount "54"]
[EventDate "2000.??.??"]

1. e4 c5 2. Nf3 d6 3. Bc4 Nc6 4. Nc3 Nf6 5. O-O g6 6. d4 cxd4 7. Nxd4 Bg7 8.
Nxc6 bxc6 9. Be3 O-O 10. Qd2 Re8 11. Bh6 Bh8 12. Rfe1 Bb7 13. Re3 Ng4 14. Rg3
Nxh6 15. Qxh6 Bg7 16. Qe3 e6 17. Rd1 d5 18. e5 Qc7 19. Bb3 Bxe5 20. f4 Bxf4 21.
Qf3 Bxg3 22. hxg3 c5 23. Ne2 Re7 24. Qf6 c4 25. Ba4 e5 26. c3 Qb6+ 27. Nd4 Qxf6
0-1

[Event "UOP-Kemper"]
[Site "?"]
[Date "1999.10.28"]
[Round "?"]
[White "Stevanovic, M"]
[Black "Siwek, M"]
[Result "1-0"]
[WhiteElo "2211"]
[BlackElo "2013"]
[PlyCount "41"]
[EventDate "1999.??.??"]

1. Nc3 d5 2. e4 c6 3. f4 dxe4 4. Nxe4 Nd7 5. Nf3 Ngf6 6. Nf2 e6 7. b3 Bd6 8.
Nd3 Qc7 9. g3 O-O 10. Bb2 e5 11. fxe5 Re8 12. Qe2 Ng4 13. O-O-O Ndxe5 14. Ndxe5
Nxe5 15. d4 Bg4 16. dxe5 Bxe5 17. Bxe5 Rxe5 18. Qxe5 Qxe5 19. Nxe5 Bxd1 20.
Kxd1 Rd8+ 21. Bd3 1-0

[Event "UOP-Kemper"]
[Site "?"]
[Date "1999.10.28"]
[Round "?"]
[White "Sajbel, P"]
[Black "Easton, R"]
[Result "0-1"]
[WhiteElo "1899"]
[BlackElo "1744"]
[PlyCount "58"]
[EventDate "1999.??.??"]

1. e4 c5 2. f4 Nc6 3. Nf3 d6 4. Bc4 g6 5. O-O Bg7 6. c3 e6 7. d4 d5 8. exd5
exd5 9. Bb5 cxd4 10. Nxd4 Nge7 11. Nd2 O-O 12. N2f3 Qb6 13. Bxc6 Nxc6 14. Rf2
Bg4 15. Qd3 Nxd4 16. Nxd4 Bxd4 17. cxd4 Rfe8 18. Be3 Re4 19. b3 Rae8 20. Re1
Qe6 21. h3 Bxh3 22. Rf3 Bg4 23. Rg3 h5 24. Kf2 Rxf4+ 25. Kg1 Re4 26. Qd2 h4 27.
Rxg4 Qxg4 28. Bf2 Rxe1+ 29. Bxe1 Re2 0-1

[Event "Kemper-UOP"]
[Site "?"]
[Date "1999.10.28"]
[Round "?"]
[White "Olsen, A"]
[Black "Lechnick, J"]
[Result "0-1"]
[WhiteElo "1550"]
[BlackElo "1783"]
[PlyCount "80"]
[EventDate "1999.??.??"]

1. e4 c5 2. c3 d5 3. exd5 Qxd5 4. Qf3 Qe5+ 5. Qe2 Nc6 6. Qxe5 Nxe5 7. Bb5+ Bd7
8. Bxd7+ Nxd7 9. Nf3 Ngf6 10. O-O e6 11. a3 Bd6 12. d3 h6 13. Nbd2 O-O 14. Ne4
Bc7 15. b4 Bb6 16. Nxf6+ Nxf6 17. bxc5 Bxc5 18. d4 Bd6 19. a4 Rac8 20. Ba3 Rfd8
21. Bxd6 Rxd6 22. Ne5 Rxc3 23. Rfc1 Rxc1+ 24. Rxc1 Rxd4 25. Rc8+ Kh7 26. h3
Rxa4 27. Nxf7 Ra1+ 28. Kh2 Ne4 29. f3 Ng5 30. Nd6 Ra2 31. Kg3 Kg6 32. Nxb7 Nf7
33. Rc6 Kf5 34. Rc5+ Kf6 35. Rc6 Ne5 36. Rc7 g5 37. Rh7 Nf7 38. Nd8 Nxd8 39.
Rxh6+ Kg7 40. Rh5 Nf7 0-1

[Event "UOP-Kemper"]
[Site "?"]
[Date "1999.10.28"]
[Round "?"]
[White "Micklich, F"]
[Black "Nallathambi, R"]
[Result "0-1"]
[WhiteElo "1609"]
[BlackElo "1505"]
[PlyCount "114"]
[EventDate "1999.??.??"]

1. e4 e5 2. Bc4 Nf6 3. d3 Bc5 4. Nc3 O-O 5. f4 Nc6 6. Nf3 d6 7. Na4 Bb6 8. Nxb6
axb6 9. fxe5 dxe5 10. Bg5 Qd6 11. O-O Bg4 12. Qe1 Nh5 13. Qh4 Bxf3 14. Rxf3 Nf4
15. Kh1 b5 16. Bd5 Nxd5 17. exd5 f6 18. Rh3 Qxd5 19. Qxh7+ Kf7 20. Rf1 Ke6 21.
Be3 Rxa2 22. Qxg7 Rf7 23. Qg4+ Kd6 24. c4 Qe6 25. Qe2 bxc4 26. dxc4 Nd4 27. Rd1
c5 28. Qc2 Ra1 29. Bxd4 Rxd1+ 30. Qxd1 cxd4 31. Qb3 Kc7 32. Qb5 Qa6 33. Qc5+
Kd7 34. Qd5+ Ke7 35. Qc5+ Qd6 36. Qb5 Ke6 37. c5 Rc7 38. b4 Qa6 39. Qe8+ Re7
40. Qg8+ Kd7 41. Qg4+ Qe6 42. Qd1 b5 43. Ra3 Qc6 44. Qg4+ Kd8 45. Qg8+ Re8 46.
Qg7 e4 47. Kg1 d3 48. Kf1 d2 49. Ke2 e3 50. Rd3+ Kc8 51. Rd6 Qc7 52. Qg4+ Kb8
53. Rb6+ Ka7 54. Qd4 Ka8 55. Qa1+ Qa7 56. Qd4 d1=Q+ 57. Qxd1 Qa2+ 0-1